Leyes políticas de España : Constitución, Cortes Constituyentes, Elecciones, Presidencia de la República, Cultos y Congregaciones, Enseñanza, Patrimonio Nacional, Incautación y Expropiación de Bienes, Estatuto de Catalunya (traspaso de servicios) ... etc. / concordadas y anotadas con todas las disposiciones complementarias por la Redacción de la Revista de los tribunales Constitución, Cortes Constituyentes, Elecciones, Presidencia de la República, Cultos y Congregaciones, Enseñanza, Patrimonio Nacional, Incautación y Expropiación de Bienes, Estatuto de Catalunya (traspaso de servicios) ... etc. / concordadas y anotadas con todas las disposiciones complementarias por la Redacción de la Revista de los tribunales
Descripción Física:
576, 29 p. ; 15 cm
Otros Autores:
Revista de los Tribunales (Redacción)
Materias:
Dret constitucional -- Espanya
MARC
| LEADER | 00000nam a2200000Ia 4500 | ||
|---|---|---|---|
| 001 | 1257 | ||
| 008 | 160829s1933 xx 000 0 cat d | ||
| 080 | |a D-1-158 | ||
| 100 | |a Espanya. Lleis, etc. |9 23269 | ||
| 245 | |a Leyes políticas de España : |b Constitución, Cortes Constituyentes, Elecciones, Presidencia de la República, Cultos y Congregaciones, Enseñanza, Patrimonio Nacional, Incautación y Expropiación de Bienes, Estatuto de Catalunya (traspaso de servicios) ... etc. / concordadas y anotadas con todas las disposiciones complementarias por la Redacción de la Revista de los tribunales | ||
| 260 | |a Madrid : |b Góngora, |c 1933 | ||
| 300 | |a 576, 29 p. ; |c 15 cm | ||
| 590 | |a Apèndix | ||
| 650 | |a Dret constitucional |x Espanya |9 44633 | ||
| 700 | |a Revista de los Tribunales (Redacción) |9 28362 | ||
| 901 | |a Arxiu | ||
| 942 | |n 1 | ||
| 952 | |0 0 |1 0 |4 0 |6 D1158 |7 1 |9 44794 |a Arxiu |b Arxiu |d 2016-12-01 |l 0 |o D-1-158 |p 1257 |r 2016-12-01 00:00:00 |w 2016-12-01 |y ARXIU | ||
| 999 | |c 47378 |d 47378 | ||